000 00498nam a2200169Ia 4500
003 OSt
005 20200701150111.0
008 190216s9999||||xx |||||||||||||| ||und||
020 _a0130489689
040 _coclc
082 _a909.09821
_bROG/A
100 _aRogers, Perry M
_93421
245 0 _aAspects Of Western Civilization /
_cPerry M Rogers
260 _bPrentice Hall,
_c1988.
_aNew Jersey:
300 _a448p
942 _cBK
_2ddc
_h909.09821
_iROG/A
_k909.09821
_mROG/A
999 _c20409
_d20409